| 000 | 01641nas1a22003491 4500 | ||
|---|---|---|---|
| 001 | RU\NLR\Perin\1086897 | ||
| 005 | 20260112132607.0 | ||
| 011 | _a1680-0826 | ||
| 035 | _a(NLR Aleph) 010823323 | ||
| 090 |
_a10252450 _c10252450 |
||
| 100 | _a20260118 rusy50 | ||
| 101 | 0 | _aeng | |
| 102 | _aRU | ||
| 110 | _aayaz||||||| | ||
| 200 | 1 |
_aProtistology _ean international journal _fin affiliation with Protozoological soc. RAS, Inst. of cytology RAS, a. Penza State ped. univ. |
|
| 210 |
_aSt. Petersburg _cProtozoological soc. _d2013- |
||
| 541 | 0 |
_aПротистология _zrus |
|
| 606 | 1 |
_aПротистология _jПериодические издания _91141903 _3RU\NLR\AUTH\66454692 |
|
| 686 | 1 | _aЕ691.1я52 | |
| 712 | 0 | 2 |
_4570 _7ba _8eng _aProtozoological society _cSaint-Petersburg _9481288 _3RU\NLR\AUTH\880407530 |
| 801 | 0 |
_aRU _bNLR _gPSBO |
|
| 801 | 1 |
_aRU _bNLR _c20150813 _2rusmarc |
|
| 801 | 2 |
_aRU _bNLR _c20150817 _2rusmarc |
|
| 852 |
_aNLR _jP8/1372 |
||
| 942 | _cJOURNAL | ||
| 980 | _aNB | ||
| 980 | _aINPER | ||